Catalog

Record Details

Catalog Search



Talmud do kapsy : 20 rabínských příběhů  Cover Image Book Book

Talmud do kapsy : 20 rabínských příběhů / Kakalík, Šulcová

Kakalík (Illustrator). Šulcová, Pavlína, 1978- (Author).

Record details

  • ISBN: 978-80-908735-4-4
  • Physical Description: 231 stran : ilustrace ; 18 cm
  • Edition: Vydání první
  • Publisher: Praha : Pražské příběhy, 2024

Content descriptions

General Note:
"Námět a text libreta Pavlína Šulcová, komiks Kakalík"--Tiráž
Subject: Bible. Pentateuch
talmud
rabínská literatura
životní moudrost
učení judaismu
Genre: příběhy

Available copies

  • 1 of 1 copy available at Common Catalog SPOK.

Holds

  • 0 current holds with 1 total copy.
Show Only Available Copies
Location Call Number / Copy Notes Barcode Shelving Location Status Due Date
The Jewish community of Prague K 3999 4638304968 K - Beletrie Available -

LDR 01412nam a2200421 i 4500
00158067
003CZ-PrJAB
00520241104062313.0
007ta
008241029s2024 xr a e 6 000 0 cze d
020 . ‡a978-80-908735-4-4 ‡q(brožováno) : ‡cKč 350.00
035 . ‡a(CZ PrSKC)1637722
040 . ‡aKLG001 ‡bcze ‡erda
072 7. ‡a26 ‡xJudaismus ‡2Konspekt ‡95
080 . ‡a26-256.2 ‡2MRF
080 . ‡a26-254 ‡2MRF
080 . ‡a17.02 ‡2MRF
080 . ‡a26-1/-9 ‡2MRF
080 . ‡a(0:82-32) ‡2MRF
1000 . ‡aKakalík ‡7xx0126942 ‡4ill
24510. ‡aTalmud do kapsy : ‡b20 rabínských příběhů / ‡cKakalík, Šulcová
250 . ‡aVydání první
264 1. ‡aPraha : ‡bPražské příběhy, ‡c2024
300 . ‡a231 stran : ‡bilustrace ; ‡c18 cm
336 . ‡atext ‡btxt ‡2rdacontent
336 . ‡astatický obraz ‡bsti ‡2rdacontent
337 . ‡abez média ‡bn ‡2rdamedia
338 . ‡asvazek ‡bnc ‡2rdacarrier
500 . ‡a"Námět a text libreta Pavlína Šulcová, komiks Kakalík"--Tiráž
63007. ‡aBible. ‡pPentateuch ‡2czenas
65007. ‡atalmud ‡7ph117145 ‡2czenas
65007. ‡arabínská literatura ‡7ph124962 ‡2czenas
65007. ‡aživotní moudrost ‡7ph128026 ‡2czenas
65007. ‡aučení judaismu ‡7ph162852 ‡2czenas
655 7. ‡apříběhy ‡7fd133204 ‡2czenas
7001 . ‡aŠulcová, Pavlína, ‡d1978- ‡7hka20211108846 ‡4aut
910 . ‡aABE461
910 . ‡aska
901 . ‡a58067 ‡bAUTOGEN ‡c58067 ‡tbiblio

Additional Resources